Estudis romànics : (Llengua i literatura) (Llengua i literatura)
Descripción Física:
2 v. ; 25 cm
Materias:
Llengües romàniques
MARC
| LEADER | 00000nam a2200000Ia 4500 | ||
|---|---|---|---|
| 001 | 10352, 10353 | ||
| 008 | 160829s1916 - 1917 xx 000 0 cat d | ||
| 710 | 2 | |a Institut d'Estudis Catalans |9 52284 | |
| 952 | |0 0 |1 0 |4 0 |6 L137_L138 |7 1 |9 45380 |a Arxiu |b Arxiu |d 2016-12-01 |l 0 |o L-1-37, L-1-38 |p 10352, 10353 |r 2016-12-01 00:00:00 |w 2016-12-01 |y ARXIU | ||
| 999 | |c 48461 |d 48461 | ||
| 080 | |a L-1-37, L-1-38 | ||
| 245 | |a Estudis romànics : |b (Llengua i literatura) | ||
| 260 | |a Barcelona : |b Institut d'Estudis Catalans. Palau de la Diputació, |c 1916 - 1917 | ||
| 300 | |a 2 v. ; |c 25 cm | ||
| 490 | |a Biblioteca Filològica de l'Institut de Llengua Catalana ; 6 i 9 | ||
| 650 | |a Llengües romàniques |9 22911 | ||
| 901 | |a Arxiu | ||
| 942 | |n 1 |2 udc | ||